| 000 | 02032nam a2200565 i 4500 | ||
|---|---|---|---|
| 001 | 33329 | ||
| 003 | KOSZ 005 | ||
| 005 | 20241012062906.0 | ||
| 008 | 970510s1995 pl a |000 0 pol | ||
| 015 | _aUWD 1995/6885 | ||
| 020 | _a8390329603 | ||
| 035 | _a991000076129705066 | ||
| 035 | _a(PL-WaBN)b10061393-48omnis_nlop | ||
| 035 | _ab10061393 | ||
| 035 | _a(OCoLC)749792845 | ||
| 035 | _azz2006887379 | ||
| 035 | _a(PL)b0000001006139 | ||
| 035 | _a(EXLNZ-48OMNIS_NETWORK)9910242455505606 | ||
| 040 |
_aWA N _cWA N _dKOSZ 005/HR |
||
| 041 | 1 |
_apol _heng |
|
| 046 | _k1995 | ||
| 080 | _a336.76 | ||
| 080 | _a519.67 | ||
| 080 | _a(07) | ||
| 100 | 1 |
_aMurphy, John J. _eAutor |
|
| 245 | 1 | 0 |
_aAnaliza techniczna : _bobszerny podręcznik metod i strategii inwestycyjnych stosowanych na rynkach kapitałowych i terminowych / _cJohn J. Murphy ; przeł. [z ang.] Wojciech Madej i Alfonso Kalinauskas. |
| 246 | 1 |
_iTyt. oryg.: _aTechnical analysis of the futures markets a comprehensive guide to trading methods and applications, _f1986 |
|
| 260 |
_aWarszawa : _bWIG-Press, _c1995. |
||
| 300 |
_aXXII, 517 s. : _bwykr. ; _c25 cm. |
||
| 336 |
_aTekst _btxt _2rdacontent |
||
| 337 |
_aBez urządzenia pośredniczącego _bn _2rdamedia |
||
| 338 |
_aWolumin _bnc _2rdacarrier |
||
| 380 | _aKsiążki | ||
| 388 | _a1901-2000 | ||
| 388 | _a1945-1989 | ||
| 388 | _a1989-2000 | ||
| 504 | _aBibliogr. s. 516-517. | ||
| 650 | 7 |
_aAnaliza techniczna (metoda ekonomiczna) _2DBN |
|
| 650 | 7 | _aInwestycje | |
| 650 | 7 | _aPapiery wartościowe | |
| 650 | 7 |
_aRynek kapitałowy _2DBN |
|
| 655 | 7 |
_aPodręcznik _2DBN |
|
| 658 | _aGospodarka, ekonomia, finanse | ||
| 700 | 1 |
_aKalinauskas, Alfonso _eTłumaczenie |
|
| 700 | 1 |
_aMadej, Wojciech _d(1959-2010) _eTłumaczenie |
|
| 710 | 2 |
_aWIG-Press _4pbl |
|
| 856 |
_uhttp://koha.tu.koszalin.pl/cgi-bin/koha/opac-detail.pl?biblionumber=33329 _yKatalog online BPK |
||
| 942 |
_2UKD _cKS |
||
| 999 |
_c33329 _d33329 |
||